| 000 | 00973nam a22003137a 4500 | ||
|---|---|---|---|
| 003 | CHAP | ||
| 005 | 20220329142303.0 | ||
| 008 | 000511d1998 mx a r 00110 spa d | ||
| 010 | _a81081 | ||
| 011 | _a82053 | ||
| 020 | _a9682403758 | ||
| 035 | _a92538 | ||
| 040 | _cCHAP | ||
| 082 | 0 | 4 |
_a636.2 _bM42 |
| 100 | 0 | 0 |
_aMellado Bosque, Miguel. _974360 |
| 245 | 1 | 0 |
_aConstrucción de cercos : _bpara ganado bovino _c/por Miguel Mellado Bosque |
| 260 |
_aMéxico, D.F. : _bTrillas, _c1998. |
||
| 300 |
_a84 p. : _bilus. |
||
| 590 |
_aBATCH-UPD _b10 _c20130110 _lUCH01 _h1425 |
||
| 590 |
_aBATCH-UPD _b10 _c20130410 _lUCH01 _h0905 |
||
| 590 |
_aBATCH-UPD _b10 _c20130914 _lUCH01 _h0912 |
||
| 590 |
_aCONVERSION _b10 _c20130109 _lUCH01 _h1345 |
||
| 650 | 1 | 4 |
_aCercos. _921350 |
| 650 | 1 | 4 |
_aGanado vacuno _xCría de. _945451 |
| 901 | _aBK | ||
| 905 | _aAlejandra Carrasco M. | ||
| 942 | _cLIBRO | ||
| 949 |
_a636.2 M42 _bBC _cLIBRO _d33724000781126 _eLIBRO _gc/e _h97953 _i92538 _si _t$47.00 |
||
| 999 |
_c81081 _d81081 |
||